Countries that have the word “The” in their names - Statistics

General Stats
  • This quiz has been taken 51 times
  • The average score is 12 of 17
Answer Stats
Hint Answer % Correct
North America (B) The Bahamas
84%
Africa (D) The Democratic Republic of Congo
82%
Africa (R) The Republic of the Congo
78%
Europe (U) The United Kingdom
78%
North America (U) The United States
78%
Europe (V) The Vatican City
76%
Africa (G) The Gambia
74%
Europe (N) The Netherlands
72%
North America (D) The Dominican Republic
68%
Oceania (M) The Marshall Islands
68%
Asia (U) The United Arab Emirates
68%
Oceania (S) The Solomon Islands
66%
Asia (M) The Maldives
64%
Africa (S) The Seychelles
62%
Africa (C) The Comoros
56%
Europe (C) The Czech Republic
46%
Asia (P) The Phillipines
40%
No matching quizzes found
Score Distribution
Percent of People with Each Score
Percentile by Number Answered
Your Score History
You have not taken this quiz